[Event "Aragon-chT Preferente"]
[Site "Spain"]
[Date "2010.02.06"]
[Round "3.64"]
[White "Santos Morales, Marco Antonio"]
[Black "Solanas Godes, Beatriz"]
[Result "0-1"]
[WhiteElo "1777"]
[BlackElo "1799"]
[PlyCount "52"]
[EventDate "2010.01.23"]
[EventType "team-swiss"]
[EventRounds "12"]
[EventCountry "ESP"]
[SourceTitle "EXT 2013"]
[Source "ChessBase"]
[SourceDate "2012.11.22"]
[SourceVersion "1"]
[SourceVersionDate "2012.11.22"]
[SourceQuality "1"]
[WhiteTeam "Delicias II"]
[BlackTeam "St Casablanca III"]
[WhiteTeamCountry "ESP"]
[BlackTeamCountry "ESP"]

1. d4 d5 2. c4 e6 3. Nc3 Nf6 4. Nf3 Nbd7 5. Bf4 Be7 6. e3 Nh5 7. cxd5 Nxf4 8. exf4 exd5 9. Nxd5 Nf6 10. Nxe7 Qxe7+ 11. Qe2 Qxe2+ 12. Bxe2 Nd5 13. g3 0-0 14. 0-0-0 c6 15. Ne5 f6 16. Nc4 Rd8 17. Ne3 Kh8 18. Nxd5 Rxd5 19. Bf3 Rd6 20. Kc2 Bf5+ 21. Kc3 Be6 22. a3 Rad8 23. Rhe1 Kg8 24. Re3 Kf8 25. Rde1 Rxd4 26. Bxc6 Rc4+ 0-1

[Event "Aragon-ch Primera"]
[Site "Spain"]
[Date "2009.??.??"]
[Round "9"]
[White "Fleta Marin, Sergio"]
[Black "Santos Morales, Marco Antonio"]
[Result "0-1"]
[WhiteElo "1666"]
[BlackElo "1757"]
[PlyCount "38"]
[EventDate "2009.??.??"]
[EventType "swiss"]
[EventRounds "9"]
[EventCountry "ESP"]
[SourceTitle "EXT 2013"]
[Source "ChessBase"]
[SourceDate "2012.11.22"]
[SourceVersion "1"]
[SourceVersionDate "2012.11.22"]
[SourceQuality "1"]

1. e4 c5 2. Nf3 d6 3. Nc3 Nc6 4. Bb5 e6 5. d4 cxd4 6. Nxd4 Qc7 7. 0-0 Nf6 8. Re1 a6 9. Bf1 Be7 10. g3 Nxd4 11. Qxd4 b5 12. e5 dxe5 13. Rxe5 Bb7 14. Bg2 Bxg2 15. Kxg2 Rd8 16. Qe3 Ng4 17. Qe2 Nxe5 18. Bf4 Qc6+ 19. Kh3 Ng6 0-1

[Event "Aragon-ch Primera"]
[Site "Spain"]
[Date "2009.??.??"]
[Round "5"]
[White "Santos Morales, Marco Antonio"]
[Black "Aviol Perez, Jose Mariano"]
[Result "1/2-1/2"]
[WhiteElo "1757"]
[BlackElo "1886"]
[PlyCount "89"]
[EventDate "2009.??.??"]
[EventType "swiss"]
[EventRounds "9"]
[EventCountry "ESP"]
[SourceTitle "EXT 2013"]
[Source "ChessBase"]
[SourceDate "2012.11.22"]
[SourceVersion "1"]
[SourceVersionDate "2012.11.22"]
[SourceQuality "1"]

1. d4 Nf6 2. c4 e6 3. Nf3 d5 4. Nc3 c6 5. Ne5 Nbd7 6. Bg5 Be7 7. Nxd7 Nxd7 8. Bxe7 Qxe7 9. e4 dxe4 10. Nxe4 0-0 11. Qd2 c5 12. 0-0-0 b5 13. dxc5 Nxc5 14. Nxc5 Qxc5 15. b4 Qe5 16. Qd4 Qc7 17. Qd6 Qxd6 18. Rxd6 bxc4 19. Bxc4 Bb7 20. Bf1 Rac8+ 21. Kb2 Rfd8 22. Rxd8+ Rxd8 23. Kc2 Be4+ 24. Kc1 Rc8+ 25. Kd2 Rc2+ 26. Ke3 Bd5 27. a4 Kf8 28. Bd3 Rb2 29. Rc1 Rxb4 30. Rc8+ Ke7 31. Rc7+ Kf6 32. Rxa7 Bxg2 33. a5 Ra4 34. f3 g5 35. Rc7 g4 36. fxg4 Rxg4 37. Bxh7 Ra4 38. Bg8 Rxa5 39. Rxf7+ Ke5 40. h4 Ra4 41. h5 Rh4 42. Rh7 Be4 43. Rh6 Rh3+ 44. Kf2 Bf5 45. Bf7 1/2-1/2